Регионална библиотека "Любен Каравелов" - Русе

Божествена комедия (Запис номер 448430)

MARC детайли
000 -Лидер
Контролно поле с фиксирана дължина 01797nam a2200337 a 4500
003 - Код на организацията, давaща контролен номер
Контролно поле BLK
005 - Дата и час на последна редакция
Контролно поле 20240711123532.0
008 - Елементи от данни с фиксирана дължина
fixed length control field 220311b bu |||||r|||| 00| | bu d
020 ## - Международен стандартен номер на книга ISBN
Международен стандартен номер на книга ISBN 9786190209065
040 ## - Източник на каталожния запис
Идентификатор на билиотеката - собственик на записа BLK
041 ## - Код за език
Код за езика на текст/звукозапис или на отделно заглавие Български
Код за езика КДБФ Български
080 ## - УДК
Текстов определител УДК Италианска литература
УДК код - определител по УДК 821.131.1
УДК определител -93-91
УДК - код + определител 821.131.1-93-91
100 ## - Редна дума - Автор
R(LIN) 471345
Автор Аристарко, Даниеле
Авторска отговорност първи автор
139 ## - Редно поле
Редна дума Аристарко, Даниеле
Авторски знак Ари - А 84
245 ## - Сведения за заглавието
Заглавие Божествена комедия
Подзаглавни данни Първи стъпки в тъмната гора
Редно поле (дума) Даниеле Аристарко ; ил. Марко Сома ; прев. от итал. Паулина Мичева и др.
260 ## - Област на издателските данни
9 (RLIN) 209486
Място на издаване, разпространение и проч. София
Име на издателя, разпространителя и проч. Колибри
Година на издаване 2021
Издателство - префикс ISBN 978-619-02- ; 978-619-150- ; 978-954-150- ; 978-954-529-
Печатница [Костинброд] : Мултипринт
300 ## - Физическа характеристика
Страници 41 с.
Илюстрации и др. с цв. ил.
Размери/Мащаб 33 см
380 ## - Жанр
Жанр Детска худож. лит.
500 ## - Общи забележки
Забележка Ориг. загл.: La divina commedia – il primo passo nella selva oscura / Daniele Aristarco. - Други прев.: Иван Иванов, Любен Любенов. - Любен Любенов - псевд. на прев. Любен Георгиев Прангов. - За авт., ил.: с. 41.
700 ## - Други автори (авторска отговорност)
9 (RLIN) 599
Лично име Сома, Марко
Автороска отговорност (Описва отношението между автора и произведението) ил.
700 ## - Други автори (авторска отговорност)
9 (RLIN) 1071
Лично име Мичева, Паулина Стойчева
Автороска отговорност (Описва отношението между автора и произведението) прев. от итал.
700 ## - Други автори (авторска отговорност)
9 (RLIN) 1071
Лично име Иванов, Иван Неделчев
Автороска отговорност (Описва отношението между автора и произведението) прев. от итал.
700 ## - Други автори (авторска отговорност)
9 (RLIN) 1071
Лично име Прангов, Любен Георгиев
Автороска отговорност (Описва отношението между автора и произведението) прев. от итал.
852 ## - Местоположение
Форматна сигнатура Цб ІІ 30670
Фондова буква Хранилище
856 ## - Електронен адрес и достъп
Инструкция (цена за достъп) 0.00
Права за достъп disable
999 ## - СИСТЕМНИ КОНТРОЛНИ НОМЕРА
Koha biblionumber 448430
Koha biblioitemnumber 448430
942 ## - АРТИКУЛИ
Вид на библиотечния материал Книги
Скрит в OPAC Не
Периодичен библиозапис Да
Koha issues (borrowed), all copies 7
944 ## - СЪЗДАВАНЕ И РЕДАКЦИЯ на ЗАПИСА
Създаване/Редакция Създаване
Дата на регистрацията/редакция 2022-03-11
Служител, извършил регистрацията/редакцията 30531
Статус, дата на статуса Цветелина Шанова
999 ## - СИСТЕМНИ КОНТРОЛНИ НОМЕРА
Koha biblioitemnumber 448430
999 ## - СИСТЕМНИ КОНТРОЛНИ НОМЕРА
Koha biblioitemnumber 448430
999 ## - СИСТЕМНИ КОНТРОЛНИ НОМЕРА
Koha biblioitemnumber 448430
Наличности
Код за отписване Код за изгубен артикул Източник на класификационната схема Код за повреда Коз за рестрикции Код за отдаване Артикулен № Име на библиотеката - собственик Име на библиотеката, в която се намира в момента Статус (Текущо местоположение) Дата на вписване в системата Местоположение - отдел Цена в лева Систематично азбучна сигнатура Баркод Цена в евро Служебен тип на артикула
  Не е изгубен Universal Decimal Classification Не е повреден само за читалня ползва се в читалня 876850 Регионална библиотека "Любен Каравелов" Русе Регионална библиотека "Любен Каравелов" Русе Хранилище 2022-03-18 Хранилище 20.00 Цб ІІ 30670 120000869264 10.23 Книги
  Не е изгубен Universal Decimal Classification Не е повреден без рестрикции заемане за дома 913217 Регионална библиотека "Любен Каравелов" Русе Регионална библиотека "Любен Каравелов" Русе Детски отдел 2022-11-23 Детски отдел 10.00 821-93/А 84 Д 120000878770 5.11 Книги
  Не е изгубен Universal Decimal Classification Не е повреден без рестрикции заемане за дома 913218 Регионална библиотека "Любен Каравелов" Русе Регионална библиотека "Любен Каравелов" Русе Детски отдел 2022-11-23 Детски отдел 10.00 821-93/А 84 Д 120000878771 5.11 Книги
  Не е изгубен Universal Decimal Classification Не е повреден без рестрикции заемане за дома 913219 Регионална библиотека "Любен Каравелов" Русе Регионална библиотека "Любен Каравелов" Русе Детски отдел 2022-11-23 Детски отдел 10.00 821-93/А 84 Д 120000878769 5.11 Книги
Vip Innovations Ltd, Rousse, Bulgaria 2025